000 00717nam a22002177a 4500
003 UA-OsUOA
001 8977
007 ta
008 20041013b un ||||| |||| 00| 0 ukr d
100 _aБуряк Валентин
700 _aВолохов Віктор
942 _cSA
040 _aUA-OsUOA
_bukr
_cUA-OsUOA
_dUA-OsUOA
245 _aМетодичні підходи до визначення повних витрат за окремими кредитними проектами при оцінці їх ефективності
300 _aС.73-87
955 _a0
041 _aukr
044 _aUA
773 0 _w0
_tБанківська справа
_dК.
_d2004
_gN3
650 7 _aВитрати
_2UDC
999 _c295138
_d295138